000 00727nam a2200289Ia 4500
001 13181
003 IT-RoPAU
008 130308s9999 xx 000 0 und d
040 _aIT-RoPAU
040 _cIT-RoPAU
041 _aFRANCESE
100 _aAttali Jacques
100 _gCodice Aut. SPICS: 9746
245 _aUn jour dans la mort de France-musique
245 _bRadio (La)
250 _a1a ed.
260 _aPARIS
260 _bLarousse
260 _c1980 [1° Ed.:1980 - Ed.Ling.Originale:1980]
300 _a"4 p. (prefazione: no ; testo: 4 [pagine: 88-91])"
650 _aSAGGI DI RADIOFONIA
650 _eCodice materia Spics: 6911
942 _cBK
957 _71
999 _c56995
_d56995
999 _bSI
999 _g1